|
|
|
|
| LEADER |
01217nam a2200325 i 4500 |
| 001 |
34470 |
| 003 |
BD-DhAAL |
| 005 |
20190401115931.0 |
| 008 |
190401t2018 enka b 001 0 eng |
| 999 |
|
|
|c 40623
|d 40623
|
| 010 |
|
|
|a 2017023854
|
| 020 |
|
|
|a 9781138298385 (pbk.)
|
| 020 |
|
|
|a 9781138298347 (hardback)
|
| 020 |
|
|
|z 9781351580878 (epub)
|
| 020 |
|
|
|z 9781351580861 (mobipocket/kindle)
|
| 040 |
|
|
|a DLC
|b eng
|c DLC
|e rda
|d DLC
|d BD-DhAAL
|
| 042 |
|
|
|a pcc
|
| 050 |
0 |
0 |
|a P302
|b .G3976 2018
|
| 082 |
0 |
0 |
|a 401.41
|2 23
|
| 100 |
1 |
|
|a Gee, James Paul,
|e author.
|9 30961
|
| 245 |
1 |
0 |
|a Introducing discourse analysis :
|b from grammar to society /
|c James Paul Gee.
|
| 260 |
|
|
|a London ;
|a New York, NY :
|b Routledge, Taylor & Francis Group,
|c c2018
|
| 300 |
|
|
|a x, 170 pages ;
|c 23 cm.
|
| 504 |
|
|
|a Includes bibliographical references and index.
|
| 526 |
|
|
|a ENH
|
| 541 |
|
|
|a Parama Publishers
|e 34470
|
| 650 |
|
0 |
|a Discourse analysis.
|9 30962
|
| 852 |
|
|
|a Ayesha Abed Library
|c General Stacks
|
| 942 |
|
|
|2 ddc
|c BK
|
| 952 |
|
|
|0 0
|1 0
|2 ddc
|4 0
|6 401_410000000000000_GEE
|7 0
|9 65228
|a BRACUL
|b BRACUL
|c GEN
|d 2019-02-26
|e Parama Publishers
|g 1845.29
|l 1
|m 30
|o 401.41 GEE
|p 3010034470
|r 2023-09-20
|s 2023-02-19
|t 1
|v 1845.29
|w 2019-02-26
|y BK
|